Paesi al meridiano est di 60 gradi - Statistics

Statistiche generali
  • Questo quiz è stato fatto 27 volte
  • Il punteggio medio è 16 su 20
Statistiche sulle risposte
gradi nazione % Corretto
Russia
100%
4.33° Arabia Saudita
92%
Kazakistan
92%
Turkmenistan
92%
0.21° Oman
88%
0.87° Pakistan
88%
Uzbekistan
88%
5.49° Yemen
88%
8.38° Qatar
84%
8.19° India
80%
Iran
80%
9.52° Madagascar
80%
0.51° Afghanistan
76%
3.62° Emirati Arabi Uniti
76%
11.43° Iraq
76%
8.59° Somalia
76%
9.18° Bahrain
68%
2.15° Mauritius
68%
9.66° Azerbaijan
64%
4.06° Seychelles
64%
Nessun quiz corrispondente trovato
Distribuzione punteggi
Percentuale di utenti per punteggio
Percentile per numero di risposta
I tuoi punteggi nel tempo
Non hai fatto questo quiz